Vorbeugende Verbrechensbekämpfung: Arbeitstagung im Bundeskriminalamt Wiesbaden v. 20. April bis 24. April 1964
| Corporate Author: | |
|---|---|
| Format: | Print Book |
| Language: | German |
| Published: |
Wiesbaden
1964
|
| In: |
Vortragsreihe des Bundeskriminalamtes (16)
Year: 1964 |
| Availability in Tübingen: | Present in Tübingen. IFK: S XIII 16 |
| Availability in Albert-Krebs Library: | CB.50.016 1997-557 |
| Check availability: | HBZ Gateway |
| Subito Delivery Service: | Order now. |
| Keywords: |
MARC
| LEADER | 00000cam a2200000 c 4500 | ||
|---|---|---|---|
| 001 | 107785983X | ||
| 003 | DE-627 | ||
| 005 | 20221109204506.0 | ||
| 007 | tu | ||
| 008 | 850101s1964 xx ||||| 00| ||ger c | ||
| 035 | |a (DE-627)107785983X | ||
| 035 | |a (DE-576)00785983X | ||
| 035 | |a (DE-599)BSZ00785983X | ||
| 035 | |a (OCoLC)310569696 | ||
| 035 | |a (OCoLC)310569696 | ||
| 040 | |a DE-627 |b ger |c DE-627 |e rakwb | ||
| 041 | |a ger | ||
| 084 | |a 2,1 |2 ssgn | ||
| 084 | |a PH 8000 |2 rvk |0 (DE-625)rvk/136482: | ||
| 084 | |a PH 8240 |2 rvk |0 (DE-625)rvk/136495: | ||
| 245 | 0 | 0 | |a Vorbeugende Verbrechensbekämpfung |b Arbeitstagung im Bundeskriminalamt Wiesbaden v. 20. April bis 24. April 1964 |c hrsg. v. Bundeskriminalamt Wiesbaden |
| 264 | 1 | |a Wiesbaden |c 1964 | |
| 300 | |a 232 S. | ||
| 336 | |a Text |b txt |2 rdacontent | ||
| 337 | |a ohne Hilfsmittel zu benutzen |b n |2 rdamedia | ||
| 338 | |a Band |b nc |2 rdacarrier | ||
| 490 | 1 | |a BKA-Vortragsreihe |v 16 | |
| 650 | 4 | |a Kriminalität |x Prävention |x Kongreß |x Wiesbaden <1964> |7 (dpeaa)DE-2619 | |
| 655 | 7 | |a Konferenzschrift |0 (DE-588)1071861417 |0 (DE-627)826484824 |0 (DE-576)433375485 |2 gnd-content | |
| 710 | 2 | |a Deutschland |g Bundesrepublik |b Bundeskriminalamt |0 (DE-588)2028774-4 |0 (DE-627)102308144 |0 (DE-576)19180665X |4 oth | |
| 810 | 2 | |a Deutschland |g Bundesrepublik |b Bundeskriminalamt |t Vortragsreihe des Bundeskriminalamtes |v 16 |9 16 |w (DE-627)130421499 |w (DE-576)00724441X |w (DE-600)629265-3 |x 0174-5573 |7 am | |
| 889 | |w (DE-627)1818616874 | ||
| 935 | |a mkri | ||
| 936 | r | v | |a PH 8000 |b Schriftenreihen, Serien, Kongressberichte, Sammelwerke |k Rechtswissenschaft |k Strafrecht, Strafverfahrensrecht, Kriminologie |k Kriminologie |k Allgemeines |k Schriftenreihen, Serien, Kongressberichte, Sammelwerke |0 (DE-627)127212715X |0 (DE-625)rvk/136482: |0 (DE-576)20212715X |
| 936 | r | v | |a PH 8240 |b Kriminalpolitik, Kriminalisierung und Entkriminalisierung; Kriminalität / Prävention; Meinung und Einstellung der Bevölkerung zur Kriminalität und Verbrechenskontrolle; Kriminalitätsfurcht; Ökonomik von Kriminalität |k Rechtswissenschaft |k Strafrecht, Strafverfahrensrecht, Kriminologie |k Kriminologie |k Kriminalität und Kriminalpolitik |k Kriminalpolitik, Kriminalisierung und Entkriminalisierung; Kriminalität / Prävention; Meinung und Einstellung der Bevölkerung zur Kriminalität und Verbrechenskontrolle; Kriminalitätsfurcht; Ökonomik von Kriminalität |0 (DE-627)1271677105 |0 (DE-625)rvk/136495: |0 (DE-576)201677105 |
| 951 | |a BO | ||
| ELC | |b 1 | ||
| LOK | |0 000 xxxxxcx a22 zn 4500 | ||
| LOK | |0 001 2062125097 | ||
| LOK | |0 003 DE-627 | ||
| LOK | |0 004 107785983X | ||
| LOK | |0 005 20020607000000 | ||
| LOK | |0 008 940425||||||||||||||||ger||||||| | ||
| LOK | |0 040 |a DE-21-110 |c DE-627 |d DE-21-110 | ||
| LOK | |0 852 |a DE-21-110 | ||
| LOK | |0 852 1 |c S XIII 16 |m p |9 00 | ||
| LOK | |0 935 |a k110 | ||
| LOK | |0 936ln |a 3.3.1 | ||
| LOK | |0 938 |k p | ||
| LOK | |0 939 |a 25-04-94 |b l01 | ||
| LOK | |0 000 xxxxxcx a22 zn 4500 | ||
| LOK | |0 001 3061206035 | ||
| LOK | |0 003 DE-627 | ||
| LOK | |0 004 107785983X | ||
| LOK | |0 005 20190314114045 | ||
| LOK | |0 008 190314||||||||||||||||ger||||||| | ||
| LOK | |0 040 |a DE-Frei85 |c DE-627 |d DE-Frei85 | ||
| LOK | |0 852 |a DE-Frei85 | ||
| LOK | |0 852 1 |m p |9 00 | ||
| LOK | |0 935 |a reko | ||
| LOK | |0 938 |k p | ||
| LOK | |0 939 |a 14-03-19 |b l01 | ||
| LOK | |0 000 xxxxxcx a22 zn 4500 | ||
| LOK | |0 001 419627157X | ||
| LOK | |0 003 DE-627 | ||
| LOK | |0 004 107785983X | ||
| LOK | |0 005 20221109204506 | ||
| LOK | |0 008 221011||||||||||||||||ger||||||| | ||
| LOK | |0 035 |a (DE-2619)k01730 | ||
| LOK | |0 040 |a DE-2619 |c DE-627 |d DE-2619 | ||
| LOK | |0 092 |o n | ||
| LOK | |0 541 |e Bestand Albert-Krebs-Bibliothek: 1997-557 | ||
| LOK | |0 852 |a DE-2619 | ||
| LOK | |0 852 1 |c CB.50.016 |m p |9 00 | ||
| LOK | |0 935 |a kreb | ||
| LOK | |0 938 |k p | ||
| LOK | |0 939 |a 11-10-22 |b l01 | ||
| ORI | |a SA-MARC-krimdoka001.raw | ||
| SIG | |a IFK: S XIII 16 | ||
